| 000 | 00961nam a2200301 a 4500 | ||
|---|---|---|---|
| 001 | 000112638 | ||
| 003 | CHAP | ||
| 005 | 20250116182129.0 | ||
| 008 | 160812s2009 mx a |rc |||1|||spa d | ||
| 010 | _a109099 | ||
| 011 | _a110071 | ||
| 020 | _a9786077579113 | ||
| 040 | _cCHAP | ||
| 082 | 0 | 4 |
_a582.130461097264 _bF63 |
| 245 | 0 | 0 |
_aFlora melífera de la montaña, Campeche : _bsu importancia para la apicultura y para la vida diaria / _cpor Luciana Porter Bolland ...[et al.]. |
| 260 |
_aMéxico : _bCONABIO _bINECOL, _c2009. |
||
| 300 |
_a314 p. : _bil. |
||
| 590 |
_aBATCH-UPD _b05 _c20160812 _lUCH01 _h1453 |
||
| 590 |
_aE11695DGD _b10 _c20170520 _lUCH01 _h0956 |
||
| 590 |
_aE6096MTM _b05 _c20160812 _lUCH01 _h1452 |
||
| 650 | 1 | 7 |
_aApicultura _zMéxico _zCampeche _2 _96250 |
| 650 | 1 | 4 |
_aPlantas melíferas. _989030 |
| 650 | 1 | 4 |
_aPlantas poliníferas. _9131029 |
| 700 | 1 |
_aPorter Bolland, Luciana _9131034 |
|
| 901 | _aBK | ||
| 942 | _cLIBRO | ||
| 942 | _n0 | ||
| 999 |
_c109099 _d109099 |
||